Science Quiz

Random Science or War Quiz

Rainbow Herbicides Quiz Stats

 Plays Quiz not verified by Sporcle

Support Sporcle.
Go Orange.
Score 0/7 Timer 02:00
0 Plays Today
Herbicide % Correct
Agent Orange
96.5%
Agent Blue
78.8%
Agent Green
72.9%
Agent Purple
69.4%
Agent Pink
67.1%
Agent White
65.9%
Agent Orange II
23.5%

You're not logged in!

Compare scores with friends on all Sporcle quizzes.
OR
Log In

From the Vault

Smallville Surnames

by jbrwk5

It's a bird, It's a plane, It's...a Sporcle quiz!
Remove Ads.
Support Sporcle.
Get the best of Sporcle when you Go Orange. This ad-free experience offers more features, more stats, and more fun while also helping to support Sporcle. Thank you for becoming a member.

Show Comments

Extras

Top Quizzes Today


Score Distribution

Your Account Isn't Verified!

In order to create a playlist on Sporcle, you need to verify the email address you used during registration. Go to your Sporcle Settings to finish the process.

Report this User

Report this user for behavior that violates our Community Guidelines.

Details: